000 00250nam a2200097Ia 4500
001 1208858
005 20250827022854.0
008 250824s9999 xx 000 0 und d
245 0 _aTRAIK BİN ZİYAD
_cOKAY TİRYAKİOĞLU
260 _bTİMAŞ YAYINLARI
999 _c1208858
_d1208858